=LDR 00000nam 2200000 4500 =001 INLIS000000000060923 =005 20220406081910 =035 ##$$a 0010-0422000048 =007 ta =008 220406###########################0#ind## =020 ##$$a 978-623-95617-0-3 =082 ##$$a 899.221 3 =084 ##$$a 899.221 3 Ber s =100 #$$a Berliana Nugraheni =245 1#$$a Story of the Future /$c Berliana Nugraheni =260 ##$$a Yogyakarta :$b Calibri Media,$c 2020 =300 ##$$a x, 252 hlm. ; $c 21 cm =650 #4$$a Fiksi Indonesia =990 ##$$a 17491749 =990 ##$$a 17491749 =990 ##$$a 17491749 =990 ##$$a 17491749